000 00587cam a22002177a 4500
001 000019818
003 DO-SdBNP
005 20250702095053.0
008 920910s1990 enk 000 1 eng
010 _a92072430
020 _a0263123847
040 _aDO-SdBNP
_cDLC
_dDLC
050 0 0 _aPR6062.A43
_bD36 1990
100 1 _aLamb, Charlotte.
_942296
245 1 0 _aDark pursuit /
_cby Charlotte Lamb.
260 _aRichmond, Surrey :
_bMills & Boon,
_c1990.
300 _a187 p. ;
_c19 cm.
490 0 _aRomance ;
_v3273
910 _aCatalogación derivada / LC
942 _2ddc
_cLBS1
999 _c19331
_d19331